000 00887nam a2200253Ia 4500
003 OSt
005 20220923211102.0
006 a|||||r|||| 00| 0
007 ta
008 Pun
020 _a8178836041 (hbk)
_c325
024 _a246,076
037 _b7830/XII, 31/01/2011, Arsee Publishers
_cTextual
040 _aARTS
_cARTS
_bPun
041 _2Pun
_aPun
082 _aO153,1:g, Q0
100 _aਚੀਮਾ, ਰਵਿੰਦਰ ਕੌਰ
_9158024
245 0 _aਕੈਨੇਡਾ ਦੀ ਪੰਜਾਬੀ ਕਵਿਤਾ
_b ਪਾਰ-ਸਭਿਆਚਾਰ ਸਰੋਕਾਰ
260 _aਲੁਧਿਆਣਾ
_b ਚੇਤਨਾ
_c2010
300 _a272ਪੰ
_ccm.
650 _aਪੰਜਾਬੀ ਸਾਹਿਤ
942 _hO153,1:g, Q0
_cTEXL
_2CC
999 _c295027
_d295027